Statistiques concernant Les titres des dirigeants

Cliquez ici pour prendre le quiz!

Statistiques générales

  • Ce quiz a été pris 869 fois
    (835 depuis la dernière actualisation)
  • Le résultat moyen est 17 sur 28

Statistiques - réponses

CatégorieTitre% Correct
La République FrançaisePrésident
100%
L'Eglise CatholiquePape
99%
Un EmpireEmpereur
97%
Une villeMaire
97%
Un duchéDuc
94%
Un royaumeRoi
94%
Un comtéComte
91%
L'Allemagne contemporaineChancelier
89%
La Russie, avant 1918Tsar
88%
Un navireCapitaine
85%
L'Egypte antiquePharaon
85%
L'Allemagne NaziFührer
79%
Un état des Etats-UnisGouverneur
68%
Une flotteAmiral
62%
L'Iran, avant 1979Chah
58%
Un état parlementairePremier Ministre
56%
Un diocèse CatholiqueEvêque
54%
La MongolieKhan
49%
L'Allemagne ou l'Autriche, avant 1918Kaiser
46%
L'Empire OttomanSultan
45%
Une commune belge ou luxembourgeoiseBourgmestre
41%
L'Italie fascisteDuce
39%
République de VeniseDoge
36%
La République Romaine (co-chefs)Consul
33%
Le Japon (chef militaire, avant 1867)Shogun
27%
L'Eglise OrthodoxePatriarche
23%
Une province de l'Empire espagnolVice-roi
9%
Une commune dans les cantons suisse de Fribourg et VaudSyndic
5%

Distribution des résultats

Percentile par nombre de réponses

% des personnes avec chaque résultat

Votre développement - résultats

Vous n’avez pas pris ce quiz depuis la dernière actualisation